000 00702nam a2200205Ia 4500
003 GCL
008 140319s9999 xx 000 0 ara d
040 _aGCL /
_cGCL
082 0 4 _a260
_bم ف
100 1 _aمحمد فهمى عبداللطيف
245 1 0 _aالفن الالهى /
_cمحمد فهمى عبداللطيف
260 _aالقاهرة :
_bدار الكاتب العربى للطباعة والنشر ،
_c1969
300 _a77 ص ؛
_c16 سم
490 _aالمكتبة الثقافية
_v223
650 0 4 _aالتصوف الاسلامى
650 0 4 _aالاغانى الشعبية
650 0 4 _aالموسيقى الشعبية
650 0 4 _aالفلكلور
942 _2ddc
_cBK
999 _c47455
_d47455